Szerb etnoregionalista törekvések 1848-1849

In the title of our study we use the expression „ethnoregionalist” that we define as follows. We can talk about ethnoregionalism, if a region formed by economic and social processes is more or less the same as the territory formed by language and/or religion. In the 19th century, in t...

Teljes leírás

Elmentve itt :
Bibliográfiai részletek
Szerző: Gulyás László
Dokumentumtípus: Cikk
Megjelent: 2012
Sorozat:Közép-európai közlemények 5 No. 1
Kulcsszavak:Történelemtudomány
Online Access:http://acta.bibl.u-szeged.hu/29930
LEADER 01405nab a2200193 i 4500
001 acta29930
005 20210505145749.0
008 161017s2012 hu o 0|| hun d
022 |a 1789-6339 
040 |a SZTE Egyetemi Kiadványok Repozitórium  |b hun 
041 |a hun 
100 1 |a Gulyás László 
245 1 0 |a Szerb etnoregionalista törekvések 1848-1849  |h [elektronikus dokumentum] /  |c  Gulyás László 
260 |c 2012 
300 |a 55-64 
490 0 |a Közép-európai közlemények  |v 5 No. 1 
520 3 |a In the title of our study we use the expression „ethnoregionalist” that we define as follows. We can talk about ethnoregionalism, if a region formed by economic and social processes is more or less the same as the territory formed by language and/or religion. In the 19th century, in the Carpathian Basin not only Hungarians, but other nationalities (Croats, Romanians, Slovaks and Serbs) claimed their own territory in the frame of historical Hungarian Kingdom. Practically it meant that they expressed etnoregionalist objectives against the Hungarian Kingdom. In our study we present the etnoregionalist efforts of the Serbs living in Hungary in 1848–49, and the response of the dominant Hungarian nation to these efforts. 
695 |a Történelemtudomány 
856 4 0 |u http://acta.bibl.u-szeged.hu/29930/1/kek_016_055-064.pdf  |z Dokumentum-elérés